Wind energy and biomass in east part of Slovakia proposing specific areas for biomass and wind energy

Obnoviteľné zdroje energie. Veterná energia, bariéry využitia veternej energie. Veterná energia na Slovensku. Biomasa v oblasti východného Slovenska. Využitie biomasy, bioplyn. Solárna energia. Dotazník.

Saved in:
Bibliographic Details
Main Author: Strajňák, Sergej
Other Authors: Jablonská, Jana, Kostková, Albína, 1951-
Format: Book Chapter
Language:English
Subjects:
Tags: Add Tag
No Tags, Be the first to tag this record!

MARC

LEADER 00000naa$a2200000$$$4500
001 0155090
005 20240502083348.3
041 0 |a eng 
044 |a MY 
245 1 0 |a Wind energy and biomass in east part of Slovakia  |b proposing specific areas for biomass and wind energy  |c Sergej Strajňák, Jana Jablonská, Albína Kostková 
520 |a Obnoviteľné zdroje energie. Veterná energia, bariéry využitia veternej energie. Veterná energia na Slovensku. Biomasa v oblasti východného Slovenska. Využitie biomasy, bioplyn. Solárna energia. Dotazník. 
610 2 0 |a zdroje energie obnoviteľné 
610 2 0 |a energia veterná 
610 2 0 |a energia slnečná 
610 2 0 |a biomasa 
610 2 0 |a bioplyn 
610 2 0 |a Slovensko 
100 1 |a Strajňák, Sergej 
700 1 |a Jablonská, Jana 
700 1 |a Kostková, Albína, 1951-